| 000 | 01218nac a22002651u 4500 | ||
|---|---|---|---|
| 010 | _a 2003043082 | ||
| 020 | _a0471230642 (cloth : alk. paper) | ||
| 082 | 0 | 0 |
_a338.5 _bB8851 |
| 090 |
_c4570 _d4570 |
||
| 100 | _aBrowning, Edgar K. | ||
| 245 | 1 | 0 |
_aMicroeconomics : _btheory & applications / _cEdgar K. Browning, Mark A. Zupan. |
| 250 | _a8th ed. | ||
| 260 |
_aHoboken, NJ : _bJ. Wiley,2004 _cc2004. |
||
| 300 |
_axxii, 596 p. : _bill. ; _c26 cm. |
||
| 500 | _aOn cover letter "e" in Microeconomics appears in larger typography. | ||
| 504 | _aIncludes bibliographical references and index. | ||
| 650 | 0 | _aMicroeconomics. | |
| 650 | 0 |
_aMicroeconomics _vExaminations, questions, etc. |
|
| 700 | 1 | _aZupan, Mark A. | |
| 856 | 4 | 2 |
_3Publisher description _uhttp://www.loc.gov/catdir/description/wiley039/2003043082.html |
| 856 | 4 | 2 |
_3Table of contents _uhttp://www.loc.gov/catdir/toc/wiley032/2003043082.html |
| 856 | 4 | 2 |
_3Contributor biographical information _uhttp://www.loc.gov/catdir/enhancements/fy0650/2003043082-b.html |
| 942 |
_cBB _k338.5B8851 |
||
| 999 |
_c4570 _d4570 |
||